[Event "Ruhrgebiet Verbandsbezirksliga Gr 1"]
[Site "Ruhrgebiet"]
[Date "2019.05.19"]
[Round "9.8"]
[White "Zeitz, Max"]
[Black "Breuker, Detlef"]
[Result "1/2-1/2"]
[WhiteElo "1484"]
[BlackElo "1662"]
[PlyCount "37"]
[EventDate "2018.09.30"]
[EventType "team-tourn"]
[EventRounds "9"]
[EventCountry "GER"]
[SourceTitle "EXT 2022"]
[Source "ChessBase"]
[SourceDate "2021.10.06"]
[SourceVersion "1"]
[SourceVersionDate "2021.10.06"]
[SourceQuality "1"]
[WhiteTeam "Kamen SV III"]
[BlackTeam "Luenen Horstmar SC"]
[WhiteTeamCountry "GER"]
[BlackTeamCountry "GER"]

1. e4 e5 2. Nf3 Nc6 3. Bc4 Bc5 4. c3 Nf6 5. d3 h6 6. 0-0 d6 7. h3 a6 8. b4 Ba7 9. Re1 Be6 10. Nbd2 Qd7 11. Bb2 g5 12. d4 Bxc4 13. Nxc4 0-0-0 14. dxe5 dxe5 15. Qxd7+ Nxd7 16. Rad1 b5 17. Ne3 Bxe3 18. Rxe3 Nb6 19. Red3 1/2-1/2

[Event "Ruhrgebiet Bezirksliga 16/17"]
[Site "Ruhrgebiet"]
[Date "2016.10.09"]
[Round "3.7"]
[White "Jacobs, Armin"]
[Black "Breuker, Detlef"]
[Result "1/2-1/2"]
[WhiteElo "1540"]
[BlackElo "1672"]
[PlyCount "71"]
[EventDate "2016.08.28"]
[EventType "team-tourn"]
[EventRounds "11"]
[EventCountry "GER"]
[SourceTitle "EXT 2022"]
[Source "ChessBase"]
[SourceDate "2021.10.06"]
[SourceVersion "1"]
[SourceVersionDate "2021.10.06"]
[SourceQuality "1"]
[WhiteTeam "Luenen Horstmar SC II"]
[BlackTeam "Luenen Horstmar SC"]
[WhiteTeamCountry "GER"]
[BlackTeamCountry "GER"]

1. e4 d5 2. exd5 Qxd5 3. Nc3 Qd8 4. Bc4 Nc6 5. Nf3 e6 6. 0-0 Bc5 7. Na4 Be7 8. Nc3 Bc5 9. Na4 Be7 10. Nc3 Nf6 11. d4 a6 12. a4 0-0 13. Bf4 Bd6 14. Bg5 Be7 15. Bf4 Nb4 16. Ne5 Nfd5 17. Nxd5 Nxd5 18. Bg3 c6 19. c3 Nb6 20. Bd3 Nd7 21. Re1 f5 22. f4 Bf6 23. Bc4 Nxe5 24. fxe5 Bg5 25. Rf1 Bd7 26. Bf4 b5 27. axb5 Bxf4 28. Rxf4 axb5 29. Rxa8 Qxa8 30. Bb3 g5 31. Rf1 h6 32. Qh5 Kh7 33. g4 Be8 34. Qh3 Qc8 35. Bc2 Bg6 36. gxf5 1/2-1/2

[Event "Ruhrgebiet Bezirksliga 15/16"]
[Site "Ruhrgebiet"]
[Date "2016.01.31"]
[Round "7.5"]
[White "Breuker, Detlef"]
[Black "Burosch, Raimund"]
[Result "1-0"]
[WhiteElo "1694"]
[BlackElo "1440"]
[PlyCount "59"]
[EventDate "2015.08.30"]
[EventType "team-tourn"]
[EventRounds "9"]
[EventCountry "GER"]
[SourceTitle "EXT 2022"]
[Source "ChessBase"]
[SourceDate "2021.10.06"]
[SourceVersion "1"]
[SourceVersionDate "2021.10.06"]
[SourceQuality "1"]
[WhiteTeam "Luenen Horstmar SC"]
[BlackTeam "Unna SV II"]
[WhiteTeamCountry "GER"]
[BlackTeamCountry "GER"]

1. e4 c5 2. f4 d6 3. Nf3 Nc6 4. Bc4 e6 5. Nc3 a6 6. a4 Nf6 7. e5 Nd7 8. exd6 Bxd6 9. d3 Qc7 10. g3 Nf6 11. Ne4 Nxe4 12. dxe4 e5 13. f5 Bd7 14. Ng5 Nd8 15. 0-0 Be7 16. Qh5 Bxg5 17. Bxg5 Bc6 18. Rfe1 h6 19. Rad1 b5 20. axb5 axb5 21. Rxd8+ Rxd8 22. Bxd8 Qd7 23. Rd1 Qa7 24. Bh4 0-0 25. f6 Bxe4 26. fxg7 Kxg7 27. Qxe5+ f6 28. Qxe4 bxc4 29. Qg4+ Kh7 30. Rd7+ 1-0

[Event "Ruhrgebiet Bezirksliga 15/16"]
[Site "Ruhrgebiet"]
[Date "2015.12.13"]
[Round "5.6"]
[White "Riemer, Dominik"]
[Black "Breuker, Detlef"]
[Result "0-1"]
[WhiteElo "1566"]
[BlackElo "1694"]
[PlyCount "84"]
[EventDate "2015.08.30"]
[EventType "team-tourn"]
[EventRounds "9"]
[EventCountry "GER"]
[SourceTitle "EXT 2022"]
[Source "ChessBase"]
[SourceDate "2021.10.06"]
[SourceVersion "1"]
[SourceVersionDate "2021.10.06"]
[SourceQuality "1"]
[WhiteTeam "Kamen SV IV"]
[BlackTeam "Luenen Horstmar SC"]
[WhiteTeamCountry "GER"]
[BlackTeamCountry "GER"]

1. Nf3 g6 2. d4 d5 3. c4 c6 4. Nc3 Bg7 5. e3 Nf6 6. Bd3 0-0 7. 0-0 Qc7 8. Bd2 Nbd7 9. Rc1 dxc4 10. Bxc4 Qb8 11. Qb3 e6 12. a4 Nb6 13. e4 Nxc4 14. Qxc4 b5 15. axb5 cxb5 16. Qe2 b4 17. Na4 Bd7 18. Nc5 Bb5 19. Nd3 a5 20. Rfe1 Rc8 21. Nfe5 Qa7 22. Qe3 Nd7 23. Nxd7 Qxd7 24. Ne5 Bxe5 25. dxe5 Rxc1 26. Rxc1 Rd8 27. Rc2 b3 28. Rc1 Qxd2 29. Qxd2 Rxd2 30. h3 Rxb2 31. Kh2 Bd3 32. Kg3 a4 33. Rc3 Bxe4 34. Kf4 Bd5 35. Kg5 Kg7 36. Rc8 Rxf2 37. g4 b2 38. Rb8 Be4 39. Kh4 b1Q 40. Rd8 Qe1 41. Kg5 h6+ 42. Kh4 Rd2# 0-1

[Event "Ruhrgebiet Bezirksliga 15/16"]
[Site "Ruhrgebiet"]
[Date "2015.09.20"]
[Round "2.5"]
[White "Reininghaus, Dennis"]
[Black "Breuker, Detlef"]
[Result "1-0"]
[WhiteElo "1694"]
[BlackElo "1739"]
[PlyCount "66"]
[EventDate "2015.08.30"]
[EventType "team-tourn"]
[EventRounds "9"]
[EventCountry "GER"]
[SourceTitle "EXT 2022"]
[Source "ChessBase"]
[SourceDate "2021.10.06"]
[SourceVersion "1"]
[SourceVersionDate "2021.10.06"]
[SourceQuality "1"]
[WhiteTeam "Unna SV"]
[BlackTeam "Luenen Horstmar SC"]
[WhiteTeamCountry "GER"]
[BlackTeamCountry "GER"]

1. d4 d5 2. c4 c6 3. Nc3 Nf6 4. cxd5 cxd5 5. Bf4 a6 6. e3 Nc6 7. Bd3 e6 8. Nf3 Qb6 9. Rb1 Nh5 10. Bg5 h6 11. Bh4 Bb4 12. Nd2 Nf6 13. 0-0 Be7 14. a3 0-0 15. b4 Re8 16. Bg3 Qd8 17. Qe2 Bd6 18. Bxd6 Qxd6 19. f4 Ne7 20. Nf3 Nf5 21. Ne5 Qb6 22. Na4 Qd8 23. g4 Nd6 24. g5 hxg5 25. fxg5 Nfe4 26. Bxe4 dxe4 27. Qh5 Nf5 28. Nxf7 Qe7 29. g6 Qh4 30. Rxf5 Qxh5 31. Rxh5 Kf8 32. Rh8+ Ke7 33. Rxe8+ Kxe8 1-0

[Event "NRW Verbandsklasse Group2 1314"]
[Site "Nordrheinwestfalen"]
[Date "2014.02.16"]
[Round "7.8"]
[White "Bork, Sophie"]
[Black "Breuker, Detlef"]
[Result "1-0"]
[WhiteElo "1629"]
[BlackElo "1664"]
[PlyCount "117"]
[EventDate "2013.09.08"]
[EventType "team-tourn"]
[EventRounds "9"]
[EventCountry "GER"]
[SourceTitle "EXT 2020"]
[Source "ChessBase"]
[SourceDate "2019.10.17"]
[SourceVersion "1"]
[SourceVersionDate "2019.10.17"]
[SourceQuality "1"]
[WhiteTeam "Mengede SG"]
[BlackTeam "Luenen Horstmar SC"]
[WhiteTeamCountry "GER"]
[BlackTeamCountry "GER"]

1. e4 c5 2. c3 Nc6 3. d4 cxd4 4. cxd4 d5 5. exd5 Qxd5 6. Nf3 e6 7. Nc3 Qd8 8. Bb5 a6 9. Bxc6+ bxc6 10. Be3 Bd6 11. 0-0 Ne7 12. Rc1 0-0 13. Ne4 Bb8 14. Qb3 Qd5 15. Qxd5 cxd5 16. Nc5 Ng6 17. Rfd1 Bd6 18. h4 a5 19. Rc3 Rb8 20. b3 h5 21. g3 Rd8 22. Nd3 Ba6 23. Rdc1 f6 24. Nc5 Bc8 25. Bd2 Ra8 26. Re1 e5 27. dxe5 fxe5 28. Ng5 e4 29. Nce6 Bxe6 30. Nxe6 Rd7 31. Rec1 Ne7 32. Be3 Be5 33. Bd4 Bxd4 34. Nxd4 Kf7 35. Kf1 g6 36. Ke2 Kf6 37. Rc5 Ra6 38. Rb5 Ke5 39. Ke3 Nf5+ 40. Nxf5 gxf5 41. Rcc5 Rdd6 42. Rxa5 Rxa5 43. Rxa5 Rc6 44. Kd2 Rf6 45. b4 f4 46. gxf4+ Rxf4 47. Ke2 Rxh4 48. b5 d4 49. b6+ Kd6 50. b7 Kc7 51. Rb5 Kb8 52. a4 Rh3 53. a5 h4 54. a6 Ra3 55. Rb6 Ra2+ 56. Ke1 h3 57. Rh6 Rb2 58. Rh8+ Ka7 59. Ra8+ 1-0